000 00498nam a2200169Ia 4500
999 _c19335
_d19335
003 OSt
005 20200701140834.0
008 190216s9999||||xx |||||||||||||| ||und||
040 _coclc
082 _a900
_bROB/H
100 _aRobbins, K G
_93408
245 4 _aHistory :
_bThe Journal Of The Historical Association /
_cK G Robbins
260 _bHistorical Association,
_c1993.
300 _a344p
650 _aJournal Of History
942 _cBK
_2ddc
_h900
_iROB/H
_k900
_mROB/H